00680 a2200193 4500020001800000040001300018082001100031082001100042100002000053245011100073250001700184260002900201300001100230650002400241650002200265942002400287999001500311952016000326 a0-486-24061-4 aDLCbDLC a003.54 a003.541 aPierce, John R.03aAn introduction to information theory: symbols, signals & noisebsymbols, signals & noisecPierce, John R. a2., rev. ed. aNew York :bDover,c1980 a305 s. 0aInformation theory. 0aInformationsteori cBKk003.54 PIE2ddc c4935d4935 001040708NFICaCLbCLcCSd2007-11-26eProgressive International Agenciesg843.00l1m3o003.54 PIEpSEECS008751r2026-01-26s2020-07-09w2017-01-05yBK